Curso de derecho civil Materiales para el estudio de tt̕ulos, redaccin̤ de actos, contratos y testamentos /

Bibliographic Details
Main Author: Figueroa Yę̀z, Gonzalo
Format: eBook
Language:Spanish
Published: Santiago de Chile : Editorial Juridica de Chile, 2012
Series:Manuales Jurd̕icos 131
Subjects:
Online Access:Acceso restringido

MARC

LEADER 00000nam a22000007a 4500
005 20120621182750.0
007 cr|||| ||||
008 120621s2012 cl |||||s|||| 00||0 spa d
035 |a 6196 
040 |a vLex 
090 |c 3231  |d 3231 
100 1 |a Figueroa Yę̀z, Gonzalo 
245 1 0 |a Curso de derecho civil  |h [Recurso electrn̤ico] :  |b Materiales para el estudio de tt̕ulos, redaccin̤ de actos, contratos y testamentos /  |c Gonzalo Figueroa Yę̀z 
256 |a Servicio en ln̕ea 
260 |a Santiago de Chile :  |b Editorial Juridica de Chile,  |c 2012 
300 |a 1 recurso electrn̤ico 
490 |a Manuales Jurd̕icos  |v 131 
506 1 |a Contenido solo disponible en los productos indicados  |d vLex Global   |d vLex Global (Academic Edition, excluding Law Schools)   |d vLex Global (U.S. Academic Edition, Law Schools)   |d vLex Global (U.S. Academic Edition, excluding Law Schools)   |d vLex Global (Academic Edition, Law Schools)  
650 0 4 |a Derecho civil  |z Chile 
740 0 |a vLex Libros (Servicio en ln̕ea) 
856 4 0 |u http://vlex.com/source/curso-derecho-civil-tomo-v-6196  |z Acceso restringido 
942 |c BOOK 
999 0 |a Civil law